| 000 -LEADER |
| fixed length control field |
nam a22 a 4500 |
| 003 - CONTROL NUMBER IDENTIFIER |
| control field |
AKMAL |
| 005 - DATE AND TIME OF LATEST TRANSACTION |
| control field |
20170504092457.0 |
| 008 - FIXED-LENGTH DATA ELEMENTS--GENERAL INFORMATION |
| fixed length control field |
170504r20042002my g 000 0 may d |
| 015 ## - NATIONAL BIBLIOGRAPHY NUMBER |
| National bibliography number |
M03-1254 |
| 020 ## - INTERNATIONAL STANDARD BOOK NUMBER |
| International Standard Book Number |
9837204869 (kkt.) : |
| Terms of availability |
RM22.00 |
| 039 #9 - LEVEL OF BIBLIOGRAPHIC CONTROL AND CODING DETAIL [OBSOLETE] |
| Level of rules in bibliographic description |
201206191526 |
| Level of effort used to assign nonsubject heading access points |
azwani_m |
| Level of effort used to assign subject headings |
201205211354 |
| Level of effort used to assign classification |
w_saiful |
| Level of effort used to assign subject headings |
200802141612 |
| Level of effort used to assign classification |
norhidayah |
| Level of effort used to assign subject headings |
200802121221 |
| Level of effort used to assign classification |
norhidayah |
| 040 ## - CATALOGING SOURCE |
| Original cataloging agency |
AKMAL |
| Transcribing agency |
AKMAL |
| 041 1# - LANGUAGE CODE |
| Language code of text/sound track or separate title |
may |
| Language code of original |
eng |
| 049 00 - LOCAL HOLDINGS (OCLC) |
| Holding library |
klpmal |
| 082 04 - DEWEY DECIMAL CLASSIFICATION NUMBER |
| Classification number |
153.42 BON |
| Edition number |
21 |
| 090 00 - LOCALLY ASSIGNED LC-TYPE CALL NUMBER (OCLC); LOCAL CALL NUMBER (RLIN) |
| Classification number (OCLC) (R) ; Classification number, CALL (RLIN) (NR) |
153.42 |
| Local cutter number (OCLC) ; Book number/undivided call number, CALL (RLIN) |
BON |
| 090 20 - LOCALLY ASSIGNED LC-TYPE CALL NUMBER (OCLC); LOCAL CALL NUMBER (RLIN) |
| Classification number (OCLC) (R) ; Classification number, CALL (RLIN) (NR) |
153.42 |
| Local cutter number (OCLC) ; Book number/undivided call number, CALL (RLIN) |
BON |
| 100 1# - MAIN ENTRY--PERSONAL NAME |
| Personal name |
De Bono, Edward, |
| Dates associated with a name |
1933- |
| 9 (RLIN) |
1066 |
| 245 10 - TITLE STATEMENT |
| Title |
Saya betul anda salah : |
| Remainder of title |
dari pemikiran kreatif ke zaman pembaharuan yang baru / |
| Statement of responsibility, etc. |
Edward De Bono |
| 260 ## - PUBLICATION, DISTRIBUTION, ETC. |
| Place of publication, distribution, etc. |
Kuala Lumpur : |
| Name of publisher, distributor, etc. |
Golden Books Centre , |
| Date of publication, distribution, etc. |
2004 |
| 300 ## - PHYSICAL DESCRIPTION |
| Extent |
xx, 357ms. ; |
| Dimensions |
22cm. |
| 650 #0 - SUBJECT ADDED ENTRY--TOPICAL TERM |
| Topical term or geographic name entry element |
Creative thinking |
| 9 (RLIN) |
1035 |
| 650 #0 - SUBJECT ADDED ENTRY--TOPICAL TERM |
| Topical term or geographic name entry element |
Thought and thinking |
| 9 (RLIN) |
913 |
| 650 #0 - SUBJECT ADDED ENTRY--TOPICAL TERM |
| Topical term or geographic name entry element |
Psychology |
| 9 (RLIN) |
859 |
| 650 #0 - SUBJECT ADDED ENTRY--TOPICAL TERM |
| Topical term or geographic name entry element |
Perception |
| 9 (RLIN) |
1098 |
| 856 41 - ELECTRONIC LOCATION AND ACCESS |
| Uniform Resource Identifier |
<a href="ftp://tag856.pnm.gov.my/tag856/buku/9837204869.pdf">ftp://tag856.pnm.gov.my/tag856/buku/9837204869.pdf</a> |
| Link text |
Electronic Resource |
| 942 ## - ADDED ENTRY ELEMENTS (KOHA) |
| Source of classification or shelving scheme |
|
| Koha item type |
Book |